|
|
|
|
| LEADER |
00000cam a2200000 a 4500 |
| 001 |
vtls001490886 |
| 003 |
SK-MaSNL |
| 005 |
20260302003127.0 |
| 008 |
220509s2004 xo o grf 000 0 hun |
| 015 |
|
|
|a SNBA2005/05-01714
|
| 020 |
|
|
|a 8080622051
|q ( brožované)
|
| 035 |
|
|
|a urn:nbn:sk:snk-am00gh91
|
| 035 |
|
|
|a urn:nbn:sk:snk-am3j3rf
|
| 035 |
|
|
|a 8CF440EF-D105-472E-BCF8-13F89F3EE69F
|
| 040 |
|
|
|a SNK
|b slo
|c SNK
|e AACR2
|
| 041 |
0 |
|
|a hun
|
| 043 |
|
|
|a e-hu---
|
| 044 |
|
|
|a xo
|c SK
|
| 072 |
|
7 |
|a 523/524
|x Slnečná sústava. Hviezdy. Vesmír
|2 konspekt
|
| 072 |
|
7 |
|a 39
|x Etnológia. Etnografia. Folklór
|2 konspekt
|
| 080 |
|
|
|a 398.1
|2 2011
|
| 080 |
|
|
|a (439)
|2 2011
|
| 080 |
|
|
|a (035)
|2 2011
|
| 080 |
|
|
|a 524.3
|2 2011
|
| 080 |
|
|
|a 39
|2 2011
|
| 100 |
1 |
|
|a Bödők, Zsigmond,
|d 1957-2010
|4 aut
|9 186223
|
| 245 |
1 |
0 |
|a Harmatlegelő
|b csillegok a magyar néphagyományban
|c Bödők Zsigmond
|
| 250 |
|
|
|a [1. kiad.]
|
| 260 |
|
|
|a Dunaszerdahely
|b Lilium Aurum
|c 2004
|
| 300 |
|
|
|a 157 strán, 8 nečíslovaných strán obrazových príloh
|b farebné fotografie
|c 21 cm
|
| 650 |
0 |
7 |
|a hviezdy
|2 SNKPH
|9 731
|
| 650 |
0 |
7 |
|a zvyky a obyčaje
|2 SNKPH
|9 4086
|
| 650 |
0 |
7 |
|a ľudové tradície
|2 SNKPH
|9 4960
|
| 651 |
|
7 |
|a Maďarsko
|2 SNKPHgeo
|9 16754
|
| 655 |
|
7 |
|a príručky
|2 SNKPH
|9 74364
|
| 752 |
|
|
|a Slovensko
|d Dunajská Streda
|
| 919 |
|
|
|a 80-8062-205-1
|
| 999 |
|
|
|c 990807
|d 992737
|
| 952 |
|
|
|a SNK
|b SNK
|y VYP
|7 0
|p 17A0456162
|o snkSC 118758 D1
|i snk2005/1340
|8 0
|0 0
|1 0
|4 0
|d 2005-01-27
|l 0
|r 2026-02-24 11:48:02
|w 2026-02-24
|
| 952 |
|
|
|a SNK
|b SNK
|y PREZ
|7 0
|p 17A0456161
|o snkSC 118758
|i snk2005/1339
|8 0
|0 0
|1 0
|4 0
|d 2005-01-27
|f 1
|l 0
|r 2025-05-27 00:00:00
|w 2026-02-24
|